|
|
|
|
| LEADER |
00000nam0a2200000 4500 |
| 001 |
102195 |
| 005 |
20231031112900.0 |
| 010 |
|
|
|a 5238009267
|
| 035 |
|
|
|a (RuTPU)RU\TPU\book\110197
|
| 090 |
|
|
|a 102195
|
| 100 |
|
|
|a 20060920d2005 m y0rusy50 ca
|
| 101 |
0 |
|
|a rus
|
| 102 |
|
|
|a RU
|
| 105 |
|
|
|a y j 001zy
|
| 200 |
1 |
|
|a Лабораторный практикум по бухгалтерскому (финансовому) учету: упражнения, тесты, сквозная задача
|e учебное пособие
|f Т. П. Карпова, В. В. Карпова
|
| 210 |
|
|
|a Москва
|c ЮНИТИ-ДАНА
|d 2005
|
| 215 |
|
|
|a 319 с.
|
| 320 |
|
|
|a Библиогр.: с. 317.
|
| 330 |
|
|
|a Ситуационные упражнения, представленные в лабораторном практикуме, раскрывают содержание типовых операций по участкам учетной работы бухгалтерии промышленного предприятия. Для выполнения упражнений требуется знание нормативных документов, перечень которых приводится в каждой теме. Практикум содержит упражнения и тесты для самостоятельной проверки знаний по темам бухгалтерского (финансового) учета и сквозную задачу, охватывающую основные факты хозяйственной деятельности коммерческой организации и включающую составление бухгалтерской (финансовой) отчетности. Приводятся решения и ответы к упражнениям и тестам. Для студентов, обучающихся по специальности 060500 «Бухгалтерский учет, анализ и аудит», аспирантов, преподавателей экономических специальностей, а также практических работников, занятых бухгалтерским (финансовым) учетом.
|
| 610 |
1 |
|
|a экономика
|
| 610 |
1 |
|
|a бухгалтерский учет
|
| 610 |
1 |
|
|a финансовый учет
|
| 610 |
1 |
|
|a практикумы
|
| 610 |
1 |
|
|a тесты
|
| 610 |
1 |
|
|a упражнения
|
| 610 |
1 |
|
|a задачи
|
| 610 |
1 |
|
|a учетная политика
|
| 610 |
1 |
|
|a основные средства
|
| 610 |
1 |
|
|a нематериальные активы
|
| 610 |
1 |
|
|a внеоборотные активы
|
| 610 |
1 |
|
|a материалы
|
| 610 |
1 |
|
|a готовая продукция
|
| 610 |
1 |
|
|a товары
|
| 610 |
1 |
|
|a финансовые вложения
|
| 610 |
1 |
|
|a денежные средства
|
| 610 |
1 |
|
|a расходы
|
| 610 |
1 |
|
|a издержки
|
| 610 |
1 |
|
|a финансовые результаты
|
| 610 |
1 |
|
|a оплата труда
|
| 610 |
1 |
|
|a налоги
|
| 610 |
1 |
|
|a сборы
|
| 610 |
1 |
|
|a активы
|
| 610 |
1 |
|
|a обязательства
|
| 610 |
1 |
|
|a стоимость
|
| 610 |
1 |
|
|a капитал
|
| 610 |
1 |
|
|a бухгалтерская отчетность
|
| 610 |
1 |
|
|a учебные пособия
|
| 675 |
|
|
|a 657.22(076.5)
|v 3
|
| 700 |
|
1 |
|a Карпова
|b Т. П.
|g Татьяна Петровна
|
| 701 |
|
1 |
|a Карпова
|b В. В.
|g Виктория Вениаминовна
|
| 801 |
|
1 |
|a RU
|b 63413507
|c 20060920
|g PSBO
|
| 801 |
|
2 |
|a RU
|b 63413507
|c 20150403
|g PSBO
|
| 900 |
|
|
|a Бухгалтерский учет
|
| 900 |
|
|
|a Финансы, финансовая деятельность
|
| 900 |
|
|
|a Аудит
|
| 900 |
|
|
|a Бухгалтерский учет и аудит
|
| 942 |
|
|
|c BK
|
| 954 |
|
|
|b 080109
|